000 00749nam a2200217Ii 4500
003 JO-AjNU
008 230605s9999||||xx |||||||||||||| ||und||
017 _a1996/11/1595
040 _aJO-AjNU
_bara
_erda
_cJO-AjNU
041 _aara
050 1 4 _aKMM126.I886.1996
100 3 _aالعتوم، منصور إبراهيم ,
_eauthor
_946880
245 0 0 _aشرح قانون العمل الأردني رقم 8 لسنة 1996 " دراسة مقارنة "
250 _aط1
264 3 1 _aد، م : د ، ن ، 1996
300 _a212ص
336 _atext
_btxt
_2rdacontent
337 _aunmediated
_bn
_2rdamedia
338 _avolume
_bnc
_2rdacarrier
650 4 _aالعمل والعمال -- قوانين وتشريعات -- الأردن
_946881
999 _aA20426
_c23994
_d23994